000
00312nam a2200145Ia 4500
003
OSt
008
191201s2016 xx 000 0 und d
082
_a
658.8
_b
ISL
100
_a
ISMAIL,Reji
245
0
_a
Logistics Management
260
_b
Excel Books
_c
2016
300
_a
350
650
_a
MBA
942
_2
ddc
_c
BK
999
_c
7134
_d
7134